Management of tourism entrepreneurship in rural Odisha (Record no. 91200)

000 -LEADER
fixed length control field 00450pab a2200157 454500
008 - FIXED-LENGTH DATA ELEMENTS--GENERAL INFORMATION
fixed length control field 180718b2011 xxu||||| |||| 00| 0 eng d
100 ## - MAIN ENTRY--PERSONAL NAME
Personal name Behera, B.
245 ## - TITLE STATEMENT
Title Management of tourism entrepreneurship in rural Odisha
260 ## - PUBLICATION, DISTRIBUTION, ETC.
Date of publication, distribution, etc. 2011
300 ## - PHYSICAL DESCRIPTION
Extent p.209-228.
650 ## - SUBJECT ADDED ENTRY--TOPICAL TERM
Topical term or geographic name entry element Tourism
700 ## - ADDED ENTRY--PERSONAL NAME
Personal name Suranjika
773 ## - HOST ITEM ENTRY
Main entry heading Journal of Indian Institute of Public Administration, Regional Branch, Orissa, Bhubaneswar
908 ## - PUT COMMAND PARAMETER (RLIN)
Put command parameter N
909 ## -
-- 91200
Holdings
Withdrawn status Lost status Damaged status Not for loan Permanent Location Current Location Date acquired Serial Enumeration / chronology Barcode Date last seen Price effective from Koha item type
        Indian Institute of Public Administration Indian Institute of Public Administration 2018-07-19 Volume no: 18, AR91660 2018-07-19 2018-07-19 Articles

Powered by Koha